Travesía 1: Educación Parvularia. Primer nivel de Transición

محفوظ في:
التفاصيل البيبلوغرافية
المؤلفون الرئيسيون: Díaz F., Pamela (مؤلف), Lobos S., Alicia (مؤلف), Salinas F., Loreto (مؤلف)
التنسيق: كتاب
اللغة:الإسبانية
منشور في: Santiago Arrayán 1997
الموضوعات:
الوسوم: إضافة وسم
لا توجد وسوم, كن أول من يضع وسما على هذه التسجيلة!

MARC

LEADER 00000nam a2200000 a 4500
001 UCL1890
003 CL-VaPUC
008 030926e19970000CL |||||||||||||||||spa|d
020 |a 9562402444 
082 0 4 |a 372.21  |b DIA  |2 21 
100 0 |a Díaz F., Pamela  |e author  |9 478806 
700 0 |a Lobos S., Alicia  |e author  |9 478807 
700 0 |a Salinas F., Loreto  |e author  |9 478808 
245 1 0 |a Travesía 1: Educación Parvularia. Primer nivel de Transición 
300 |a 179 p 
942 |c BK 
945 |d 20030926 00:00:00  |a cmena 
260 |a Santiago  |b Arrayán  |c 1997 
500 |a Incluye 23 láminas en forma separada 
650 0 |a Educación preescolar  |9 260381 
650 0 |a Métodos de enseñanza  |9 270413 
583 |a last modification  |c 20030926 00:00:00  |k Rodrigo Vera 
999 |c 305329  |d 305327 
952 |0 0  |1 0  |4 0  |6 372_210000000000000_DIA_1997  |7 0  |8 A  |9 368794  |a BIBEDU  |b BIBEDU  |c ES_NOD  |d 2019-11-21  |i 3942228  |o 372.21 DIA 1997  |p 3942228  |r 2023-08-09  |w 2019-11-21  |y BK  |k EBA